|
|
|
|
| LEADER |
01032nam a2200205 u 4500 |
| 003 |
GR-PaULI |
| 005 |
20250217104406.0 |
| 008 |
250217s1985 gr oa f 1 gre d |
| 040 |
|
|
|a GR-PaULI
|b gre
|c GR-PaULI
|d
|e AACR2
|
| 082 |
0 |
4 |
|a 938.8
|2 23
|
| 100 |
1 |
|
|a Δερεχάνη, Ευγενία Μπέττυ Β.
|9 208206
|e συγγραφέας.
|
| 245 |
1 |
3 |
|a Το όρος Λύκαιο και οι αρχαίοι Αρκάδες /
|c Ευγενίας Β. Δερεχάνη
|
| 260 |
|
|
|a Αθήνα :
|b Σύλλογος Άνω Καρυωτών Αρκαδίας,
|c 1985.
|
| 300 |
|
|
|a 238, [2] σ. :
|b εικ. ;
|c 25 εκ.
|
| 504 |
|
|
|a Περιλαμβάνει βιβλιογραφία.
|
| 651 |
|
4 |
|a Αρκαδία (Νομός)
|x Ιστορία.
|9 79892
|
| 651 |
|
4 |
|a Αρκαδία (Νομός)
|x Αρχαιότητες.
|9 32617
|
| 942 |
|
|
|2 ddc
|c BK
|
| 952 |
|
|
|0 0
|1 0
|2 ddc
|4 0
|6 938_800000000000000_ΔΕΡ
|7 0
|9 387603
|a LISP
|b LISP
|c DON
|d 2025-02-17
|e ΠΑΝ
|i 095425
|l 0
|o 938.8 ΔΕΡ
|p 025000166065
|r 2025-02-17 10:44:49
|t 1
|w 2025-02-17
|y BKN
|
| 999 |
|
|
|c 224931
|d 224931
|